Rozpoznaj flagi narodów nieuznawanych - Statystyki

Ogólne statystyki
  • Ten quiz został rozwiązany 1 334 razy
  • Średni wynik to 8 z 15
Statystyki odpowiedzi
Obrazkowy Hint Odpowiedź % Poprawnych
Serbia Republika Kosowa (Kosowo)
99%
Chińska Republika Ludowa (ChRL) Tajwan (Republika Chińska)
84%
Izrael Państwo Palestyna (Palestyna)
76%
Cypr - Turcja Turecka Republika Cypru Północnego (Cypr Północny)
65%
Mołdawia Naddniestrzańska Republika Mołdawska (Naddniestrze)
64%
Gruzja Abchazja
51%
Maroko Saharyjska Arabska Republika Demokratyczna (Sahara Zachodnia)
50%
Turcja - Syria - Irak - Iran Kurdystan
48%
Somalia Republika Somalilandu (Somaliland)
48%
Gruzja Republika Osetii Południowej (Osetia Południowa)
45%
Azerbejdżan Republika Górskiego Karabachu (Górski Karabach)
37%
Ukraina Doniecka Republika Ludowa (Doniecka RL)
33%
Ukraina Ługańska Republika Ludowa (Ługańska RL)
28%
Rosja - Ukraina - Mołdawia - Naddniestrze Federacyjna Republika Noworosji (Noworosja)
19%
Bośnia i Hercegowina Rebublika Serbska
3%
Nie znaleziono quizów pasujących do podanych kryteriów
Rozkład punktacji
Procent ludzi z każdym wynikiem
Percentyl według liczby udzielonych odpowiedzi
Twoja historia wyników
Nie rozwiązałeś tego quizu